| 000 | 00000nam##2200000za#4500 |
| 001 | 9.568726 |
| 003 | CaOODSP |
| 005 | 20210624181421 |
| 007 | cr ||||||||||| |
| 008 | 150406|1998||||xxc|||||o f|0| 0 eng|d |
| 040 | |aCaOODSP|beng |
| 043 | |an-cn--- |
| 086 | 1 |aBT31-4/10-1998E-PDF |
| 110 | 1 |aCanada. |bTreasury Board. |
| 245 | 10|aRevenue Canada, performance report for the period ending March 31, 1998 |h[electronic resource] |
| 260 | |aOttawa - Ontario : |bTreasury Board of Canada Secretariat |cc1998. |
| 300 | |a86p.|bgraphs, organization chart, tables |
| 490 | 1 |aPerformance report for the period ending March 31, 1998 |vFor the period ending March 31, 1998 |
| 500 | |aThe catalogue number (BT31-4/10-1998) and ISBN (0-660-60675-5) for the bilingual print edition have been incorrectly copied in this electronic publication. |
| 590 | |a11-06-Supp|b2011-04-14 |
| 775 | 08|tRevenu Canada, rapport sur le rendement pour la période se terminant le 31 mars 1998 |w(CaOODSP)9.599995 |
| 776 | 0#|tRevenue Canada|w(CaOODSP)9.531018 |
| 776 | 0#|tRevenu Canada|w(CaOODSP)9.531019 |
| 830 | #0|aPerformance report for the period ending March 31, 1998 ;|vFor the period ending March 31, 1998|w(CaOODSP)9.506257 |
| 856 | 40|ahttp://publications.gc.ca|qPDF|s343 KB|uhttps://publications.gc.ca/collections/Collection/BT31-4-10-1998E.pdf|yFor the period ending March 31, 1998 |